LEADER 01134nam a2200265 4500 001 000000357052 003 CaOOAMICUS 005 20240405095927.0 008 240205s1996 it 000 u ita r 020 $a88-7016-227-3 040 $aSeMil$bita 100 1 $aGreen, Elizabeth E.$0(OLS)http://semarc/name/31680 245 10$aPerché la donna pastore : $bil volto femminile del ministero nelle chiese /$cElizabeth E. Green. 264 1$aTorino :$bClaudiana,$c1996. 300 $a80 p. ;$c17 cm 490 1 $aDossier ;$v33 650 4$aDonna - Sacerdozio - Chiesa protestante.$0(OLS)http://semarc/subject/10175 830 0$aDossier ;$v33.$0(OLS)http://semarc/title/10653 850 $aSeMil 852 $aSeMil$W1$xVenegono$y1$m2B I 66$j247431$B248234$CSeMilBibl$Z2$F248234 $81 961 $aCitrini don Tullio - Omaggio 996 $6020$a88-7016-227-3$9(OLS)http://semarc/number/299753 996 $6245$aPerché la donna pastore : $bil volto femminile del ministero nelle chiese$9(OLS)http://semarc/title/447293 996 $6264$aTorino :$bClaudiana$9(OLS)http://semarc/publisher/29837 LEADER 00927nam a2200217 i 4500 001 000000179112 003 CaOOAMICUS 005 20250825143015.0 008 090430s1982 xxk u000 u mul u 040 $aSeMil$bita 245 10$a4: Books 8.-10. /$ctranslated by B. O. Foster. 300 $aIX, 570 p., [1] c. geog. ripieg. 490 1 $aThe Loeb Classical Library ;$v191 700 1 $aFoster, Benjamin Oliver,$d<1872-1938>.$0(OLS)http://semarc/name/9466 773 0 $aLivius, Titus <59 a.C.-17.d.C.>$tLivy.$dCambridge, Massachusetts : Harvard University Press ; London : Heinemann, 1979-1989.$g4$w()21188 830 4$aThe Loeb Classical Library ;$v191.$0(OLS)http://semarc/title/26868 850 $aSeMil 852 $aSeMil$W1$xVenegono$y1$m1Y I 13/4$j260836$B129877$CSeMilBibl$Z2$F141399 $81 961 $aOmaggio: Villa don Cesare 996 $6245$a4: Books 8.-10.$9(OLS)http://semarc/title/257208